Flags of Europe's smallest nations - Statistics

General Stats
  • This quiz has been taken 21 times
  • The average score is 8 of 10
Answer Stats
Picture Answer % Correct
Monaco
100%
San Marino
100%
Andorra
95%
Malta
95%
Vatican City
95%
Liechtenstein
84%
Luxembourg
84%
Isle of Man
68%
Jersey
63%
Guernsey
47%
No matching quizzes found
Score Distribution
Percent of People with Each Score
Percentile by Number Answered
Your Score History
You have not taken this quiz